Escuela de Trabajo de la Exma. Diputación Provincial de Barcelona, Escuela de Maestría Industrial
Descripción Física:
18 p. ; 21 cm
MARC
| LEADER | 00000nam a2200000Ia 4500 | ||
|---|---|---|---|
| 001 | 14823 | ||
| 008 | 160829s9999 xx 000 0 cat d | ||
| 080 | |a FU-31-19 | ||
| 110 | 2 | |a Escola del Treball (Barcelona, Catalunya) |9 54586 | |
| 245 | |a Escuela de Trabajo de la Exma. Diputación Provincial de Barcelona, Escuela de Maestría Industrial | ||
| 260 | |a Barcelona : |b la Escuela, [1968] | ||
| 300 | |a 18 p. ; |c 21 cm | ||
| 610 | 2 | 0 | |a Escola del Treball (Barcelona, Catalunya) |x Currículums |9 55344 |
| 650 | |a Formació professional |9 38621 | ||
| 901 | |a Arxiu | ||
| 942 | |n 1 |2 udc | ||
| 952 | |0 0 |1 0 |4 0 |6 FU3119 |7 1 |9 42625 |a Arxiu |b Arxiu |d 2016-12-01 |l 0 |o FU-31-19 |p 14823 |r 2016-12-01 00:00:00 |w 2016-12-01 |y ARXIU | ||
| 999 | |c 45131 |d 45131 | ||